Bojové pole

Saved in:
Bibliographic Details
Main Author: Novák, Adam (Author)
Other Authors: Bindas, Bystrík (Thesis advisor)
Format: Manuscript Book
Language:Slovak
Published: 2022
Subjects:
Online Access:http://is.stuba.sk/zp/portal_zp.pl?podrobnosti=155097
Tags: Add Tag
No Tags, Be the first to tag this record!

MARC

LEADER 00000ntm a22000003a 4500
001 stuzp88062
003 SK-STU
005 20220625210923.2
007 ta
008 150427s2015----xo-----f-mn---000-0-slo-d
040 |a STU  |b slo 
041 0 |a slo 
100 1 |a Novák, Adam  |u 070400  |4 aut  |U FIIT Fakulta informatiky a informačných technológií  |T FIIT Ústav počítačového inžinierstva a aplikovanej informatiky  |X 103070  |U I400  |Y 672  |7 103070 
242 0 1 |a Battlefield  |y eng 
245 1 0 |a Bojové pole 
260 |c 2022 
650 4 |a Model View Controller  |2 slo 
650 4 |a Vue.js  |2 slo 
650 4 |a Laravel  |2 slo 
650 4 |a Relačné databázy  |2 slo 
650 4 |a Bootstrap  |2 slo 
650 4 |a MySQL  |2 slo 
650 4 |a Návrh používateľského rozhrania  |2 slo 
650 4 |a Javascript  |2 slo 
650 4 |a Používateľské testovanie  |2 slo 
650 4 |a Model View Controller  |2 eng 
650 4 |a Vue.js  |2 eng 
650 4 |a Laravel  |2 eng 
650 4 |a Relational databases  |2 eng 
650 4 |a Bootstrap  |2 eng 
650 4 |a MySQL  |2 eng 
650 4 |a Graphic user interface design  |2 eng 
650 4 |a JavaScript  |2 eng 
650 4 |a User Testing  |2 eng 
700 1 |a Bindas, Bystrík  |u 070400  |k Z2  |4 ths  |U FIIT Fakulta informatiky a informačných technológií  |T FIIT Ústav počítačového inžinierstva a aplikovanej informatiky  |X 99233  |U I400  |Y 672  |7 99233 
856 4 |u http://is.stuba.sk/zp/portal_zp.pl?podrobnosti=155097